Escudos de Equipes da Premier League 25/26 - Statistics

Estatísticas Gerais
  • Esse quiz foi jogado 162 vezes
  • A pontuação média é 19 de 20
Estatísticas das Respostas
Imagem Resposta % Correto
Arsenal
100%
Aston Villa
100%
Brentford
99%
Chelsea
99%
Bournemouth
98%
Liverpool
98%
Manchester City
98%
Brighton
97%
Burnley
97%
Crystal Palace
97%
Everton
97%
Manchester United
97%
Newcastle
97%
Nottingham Forest
96%
West Ham
96%
Sunderland
94%
Fulham
92%
Leeds
91%
Tottenham
90%
Wolverhampton
86%
Nenhum quiz correspondente encontrado
Distribuição das Pontuações
Porcentagem de Pessoas com Cada Pontuação
Percentil de Números Respondidos
Sua Pontuação Histórica
Você não jogou esse quiz